Cultura Geral - Statistics

Estatísticas Gerais
  • Esse quiz foi jogado 20 vezes
  • A pontuação média é 7 de 15
Estatísticas das Respostas
Hint Resposta % Correto
Quantos anos você terá de azar se quebrar um espelho? 7
94%
Que país foi formado pela união de Aragão e Castela? Espanha
88%
Que rua novaiorquina é muito famosa pelos seus teatros que exibem superproduções de musicais? Broadway
71%
Em que rua está localizada a bolsa de valores de Nova Iorque? Wall Street
65%
Qual sistema numérico usa apenas zeros e uns? Binário
59%
Em que ilha você encontraria Kīlauea, talvez o vulcão mais ativo do mundo? Havaí
59%
Que civilização, baseada na Península de Yucatán, foi o único grupo nativo americano a desenvolver independentemente uma língua escrita? Maias
59%
Que vegetal tem o nome de uma capital europeia? Couve de Bruxelas
53%
Em que cidade fica o distrito de Bronx? Nova York
47%
Que ponte liga os distritos de Manhattan e Brooklyn? Ponte do Brooklyn
35%
Como é mais conhecido o monóxido de dihidrogénio? Água
29%
Em que cidade novaiorquina fica SoHo? Manhattan
29%
Em que estado dos EUA podemos encontrar a cidade Newark? Nova Jersey
29%
O que a harpa representa no brasão da rainha Elizabeth II? Irlanda
18%
Em que cidade fica o estádio Yankee Stadium? Bronx
12%
Nenhum quiz correspondente encontrado
Distribuição das Pontuações
Porcentagem de Pessoas com Cada Pontuação
Percentil de Números Respondidos
Sua Pontuação Histórica
Você não jogou esse quiz